| 000 | 00000nam 2200000zi 4500 |
| 001 | 9.892617 |
| 003 | CaOODSP |
| 005 | 20230426135546 |
| 006 | m o d f |
| 007 | cr |n||||||||| |
| 008 | 201020e199303##onc o f001 0|eng d |
| 040 | |aCaOODSP|beng|erda|cCaOODSP |
| 043 | |an-cn--- |
| 086 | 1 |aIu28-2/59-1993E-PDF |
| 100 | 1 |aFournier, Bruce, |eauthor. |
| 245 | 14|aThe role of business networks in enhancing the competitiveness of small- and medium-size enterprises (SMEs) / |cprepared by Bruce Fournier, Ph.D., Hugh Munro, Ph.D., Hamid Noori, Ph.D. |
| 264 | 1|a[Ottawa] : |bEntrepreneurship and Small Business Office, Industry, Science and Technology Canada, |cMarch 1993. |
| 300 | |a1 online resource (1 volume (various pagings)) |
| 336 | |atext|btxt|2rdacontent |
| 337 | |acomputer|bc|2rdamedia |
| 338 | |aonline resource|bcr|2rdacarrier |
| 500 | |aDigitized edition from print [produced by Innovation, Science and Economic Development Canada]. |
| 650 | 0|aBusiness networks|zCanada. |
| 650 | 0|aStrategic alliances (Business)|zCanada. |
| 650 | 0|aSmall business|zCanada. |
| 650 | 6|aRéseaux d'affaires|zCanada. |
| 650 | 6|aAlliances stratégiques (Affaires)|zCanada. |
| 650 | 6|aPetites et moyennes entreprises|zCanada. |
| 710 | 1 |aCanada. |bIndustry, Science and Technology Canada, |eissuing body. |
| 856 | 40|qPDF|s1.39 MB|uhttps://publications.gc.ca/collections/collection_2023/isde-ised/Iu28-2-59-1993-eng.pdf |